The Essence of Business Ethics (Record no. 3909)

MARC details
000 -LEADER
fixed length control field 00394nam a22001697a 4500
005 - DATE AND TIME OF LATEST TRANSACTION
control field 20180221114219.0
008 - FIXED-LENGTH DATA ELEMENTS--GENERAL INFORMATION
fixed length control field 160625b xxu||||| |||| 00| 0 eng d
020 ## - INTERNATIONAL STANDARD BOOK NUMBER
ISBN 81-203-2682-2
041 ## - LANGUAGE CODE
Language code of text/sound track or separate title eng
082 ## - DEWEY DECIMAL CLASSIFICATION NUMBER
Item number 9943
Classification number 174.4
100 ## - MAIN ENTRY--AUTHOR NAME
Personal name Pratley, Peter
245 ## - TITLE STATEMENT
Title The Essence of Business Ethics
260 ## - PUBLICATION, DISTRIBUTION, ETC. (IMPRINT)
Name of publisher PHI
Year of publication 2003
300 ## - PHYSICAL DESCRIPTION
Number of Pages 228
650 ## - SUBJECT ADDED ENTRY--TOPICAL TERM
Topical Term Management
942 ## - ADDED ENTRY ELEMENTS (KOHA)
Koha item type Books
Holdings
Lost status Damaged status Collection code Home library Current library Shelving location Date acquired Cost, normal purchase price Full call number Accession Number Koha item type
    MANAGEMENT JRU Library JRU Library SHELF-62 -I 25/06/2016 75.00 174.4 9943 Books